[Event "Detroit (MOR/1a/23)"]
[Site "?"]
[Date "1994.??.??"]
[Round "?"]
[White "Holland, K."]
[Black "Raupp, Helene"]
[Result "0-1"]
[WhiteElo "1605"]
[BlackElo "1625"]
[PlyCount "66"]
[EventDate "1994.??.??"]

1. d4 e6 2. Nf3 d5 3. Bg5 Nf6 4. e3 c5 5. c3 Nc6 6. Nbd2 Qb6 7. Bxf6 gxf6 8.
Qc2 Bd7 9. c4 cxd4 10. Nxd4 Nxd4 11. exd4 Qxd4 12. Bd3 Rc8 13. Qb3 Bc6 14. Nf3
Qc5 15. O-O d4 16. Rfe1 Bxf3 17. gxf3 Rg8+ 18. Kf1 b6 19. Bxh7 Rh8 20. Bd3 Rxh2
21. Qb5+ Kd8 22. Qxc5 Rxc5 23. Ke2 Re5+ 24. Kd1 Rxf2 25. Rxe5 fxe5 26. Rc1 Rxf3
27. Ke2 Re3+ 28. Kd2 Bb4+ 29. Kc2 e4 30. Bf1 d3+ 31. Kb1 Re1 32. Rxe1 Bxe1 33.
Kc1 f5 0-1

[Event "Detroit (MOR/3/52)"]
[Site "?"]
[Date "1994.??.??"]
[Round "?"]
[White "Holland, K."]
[Black "Moulter, Art"]
[Result "1-0"]
[WhiteElo "1605"]
[BlackElo "1605"]
[PlyCount "135"]
[EventDate "1994.??.??"]

{3/(52)} 1. d4 d5 2. Nf3 Nf6 3. Bg5 Nbd7 4. e3 e6 5. Nbd2 b6 6. Bd3 h6 7. Bh4
Bd6 8. c3 Bb7 9. Qc2 c6 10. e4 e5 11. exd5 cxd5 12. Bg3 Qc7 13. dxe5 Nxe5 14.
O-O-O O-O 15. Nxe5 Bxe5 16. Bxe5 Qxe5 17. Nb3 Qd6 18. Nd4 a6 19. Kb1 Rac8 20.
Rde1 Rfe8 21. h3 Rc7 22. Rxe8+ Nxe8 23. Re1 Kf8 24. Qa4 b5 25. Bxb5 Qg6+ 26.
Ka1 axb5 27. Qxb5 Nd6 28. Qb6 Rc8 29. Nb5 Nxb5 30. Qxb7 Nd6 31. Qxd5 Re8 32.
Rd1 Rd8 33. c4 Qf6 34. Qc5 g6 35. Qc7 Qe7 36. Qxe7+ Kxe7 37. f3 Nxc4 38. Rxd8
Kxd8 39. a4 Kc7 40. b4 Kb6 41. Ka2 Nd6 42. Kb3 f5 43. g4 f4 44. h4 g5 45. hxg5
hxg5 46. Kc3 Kc6 47. Kd4 Nf7 48. Ke4 Kd6 49. Kf5 Kd5 50. Kf6 Ne5 51. Kxg5 Nxf3+
52. Kxf4 Ne5 53. Kf5 Nxg4 54. Kxg4 Kc4 55. b5 Kb4 56. b6 Kxa4 57. b7 Kb4 58.
b8=Q+ Kc4 59. Kf4 Kd5 60. Qe5+ Kc4 61. Qd6 Kc3 62. Ke4 Kc2 63. Qd3+ Kb2 64. Qc4
Kb1 65. Kd3 Ka1 66. Qb5 Ka2 67. Kc3 Ka3 68. Qb3# 1-0

[Event "Detroit (Class DE/5/15)"]
[Site "?"]
[Date "1994.??.??"]
[Round "?"]
[White "Holland, K."]
[Black "Mahabir, Jagdesh"]
[Result "1-0"]
[WhiteElo "1605"]
[BlackElo "1605"]
[PlyCount "33"]
[EventDate "1994.??.??"]

{5/(15)} 1. d4 d5 2. Nf3 Nc6 3. Bg5 h6 4. Bh4 g5 5. Bg3 Nf6 6. e3 Bf5 7. Nbd2
Nb4 8. Rc1 Nxa2 9. Ra1 Nb4 10. Rc1 Ne4 11. c4 Nxg3 12. hxg3 dxc4 13. Qa4+ Nc6
14. Bxc4 Qd6 15. Nxg5 a6 16. Nxf7 b5 17. Nxd6+ 1-0

[Event "Detroit (WCO/1/7)"]
[Site "?"]
[Date "1994.??.??"]
[Round "?"]
[White "Holland, K."]
[Black "Gaiefsky, Mike"]
[Result "0-1"]
[WhiteElo "1605"]
[BlackElo "1815"]
[PlyCount "62"]
[EventDate "1994.??.??"]

{1/(7)} 1. d4 Nf6 2. Nf3 g6 3. Bg5 Bg7 4. Nbd2 d6 5. e3 Nbd7 6. Be2 h6 7. Bxf6
Nxf6 8. O-O Bd7 9. c3 Qc8 10. Qc2 c5 11. Bd3 cxd4 12. exd4 Kf8 13. Rfe1 Bf5 14.
Nh4 Bxd3 15. Qxd3 Qg4 16. Ndf3 e6 17. g3 g5 18. Ng2 h5 19. Qe2 h4 20. Nfxh4
gxh4 21. Qxg4 Nxg4 22. Nxh4 Bf6 23. Ng2 Nxh2 24. Re4 Nf3+ 25. Kf1 Nd2+ 26. Ke2
Nxe4 27. Kf3 d5 28. Ne3 Bg5 29. Ng4 Ke7 30. Rb1 Nd2+ 31. Ke2 Nxb1 0-1

[Event "Detroit (Class DE/3/14)"]
[Site "?"]
[Date "1994.??.??"]
[Round "?"]
[White "Holland, K."]
[Black "Bulliner, T."]
[Result "0-1"]
[WhiteElo "1605"]
[BlackElo "1605"]
[PlyCount "68"]
[EventDate "1994.??.??"]

{3/(14)} 1. d4 d5 2. Nf3 Nf6 3. Bg5 e6 4. e3 Be7 5. Nbd2 Nbd7 6. Bd3 c5 7. c3
c4 8. Bb1 b5 9. b4 Qc7 10. Qc2 e5 11. Bxf6 Bxf6 12. e4 Bb7 13. exd5 Bxd5 14.
O-O g6 15. Ne4 O-O 16. Nxf6+ Nxf6 17. Nxe5 Rfe8 18. Re1 Nd7 19. f4 Re7 20. Qf2
Rae8 21. Rf1 f6 22. Nxg6 Re2 23. Qg3 Rxg2+ 24. Qxg2 Bxg2 25. Kxg2 hxg6 26. Bxg6
Re7 27. f5 Re2+ 28. Kh3 Qxh2+ 29. Kg4 Qg2+ 30. Kf4 Qe4+ 31. Kg3 Re3+ 32. Kf2
Rf3+ 33. Kg1 Qg4+ 34. Kh2 Rh3# 0-1

[Event "Detroit (Class C/3/16)"]
[Site "?"]
[Date "1994.??.??"]
[Round "?"]
[White "Hill, M."]
[Black "Motley, Gerald"]
[Result "0-1"]
[WhiteElo "1605"]
[BlackElo "1605"]
[PlyCount "60"]
[EventDate "1994.??.??"]

{3/(16)} 1. c4 Nf6 2. g3 e5 3. Bg2 Bc5 4. e3 O-O 5. Ne2 c6 6. b3 d6 7. Nbc3 Bf5
8. e4 Bg4 9. h3 Bh5 10. d3 h6 11. O-O Nbd7 12. Qc2 Nh7 13. Kh2 Qf6 14. f4 Bxe2
15. Nxe2 Qe7 16. f5 Nhf6 17. Bf3 h5 18. Ng1 Bd4 19. Bb2 h4 20. gxh4 Be3 21. Bc1
Bb6 22. Qg2 Kh8 23. Bb2 Rg8 24. Ne2 g6 25. fxg6 Rxg6 26. Ng3 Rag8 27. Bg4 Nxg4+
28. hxg4 Rxg4 29. Qf3 Qxh4+ 30. Kg2 Rxg3+ 0-1

[Event "Detroit (Class C/5/23)"]
[Site "?"]
[Date "1994.??.??"]
[Round "?"]
[White "Hill, M."]
[Black "Hayes, P."]
[Result "0-1"]
[WhiteElo "1605"]
[BlackElo "1605"]
[PlyCount "50"]
[EventDate "1994.??.??"]

{5/(23)} 1. c4 c5 2. g3 Nc6 3. Bg2 Nf6 4. e4 e5 5. Ne2 d6 6. Nbc3 Be6 7. d3 a6
8. a3 Be7 9. f4 Bg4 10. f5 Nd4 11. h3 Bf3 12. Kf2 Bxg2 13. Kxg2 g6 14. Nxd4
cxd4 15. Nd5 Nxd5 16. cxd5 gxf5 17. exf5 Bg5 18. g4 h5 19. Bxg5 Qxg5 20. Qe2
Rg8 21. h4 Qxf5 22. g5 Qg6 23. Kh2 O-O-O 24. Raf1 f5 25. gxf6 Qg3# 0-1

[Event "Flint (MI Ch Spon/1)"]
[Site "?"]
[Date "1994.??.??"]
[Round "?"]
[White "Hickey, Gene"]
[Black "Shields, T."]
[Result "1-0"]
[WhiteElo "2085"]
[BlackElo "1605"]
[PlyCount "83"]
[EventDate "1994.??.??"]

1. d4 Nf6 2. Nc3 d5 3. f3 Bf5 4. h4 h6 5. g4 Bg6 6. Bf4 Nc6 7. a3 Qd7 8. Bh3 e6
9. e3 O-O-O 10. Nge2 h5 11. g5 Ne8 12. Nc1 Bd6 13. Nxd5 Bxf4 14. Nxf4 Qd6 15.
Ncd3 Kb8 16. c3 e5 17. Nxe5 Nxe5 18. dxe5 Qxd1+ 19. Rxd1 Rxd1+ 20. Kxd1 c6 21.
Ke2 Nc7 22. Nxg6 fxg6 23. Rd1 Nd5 24. c4 Nb6 25. b3 a5 26. e4 a4 27. c5 Nc8 28.
bxa4 Ne7 29. Rd7 Re8 30. f4 Ka7 31. Rd6 Ka6 32. Kd2 Ka5 33. Rd7 Kxa4 34. Rxb7
Kxa3 35. Kc3 Ra8 36. Rxe7 Ra4 37. Rxg7 Ka2 38. Be6+ Ka1 39. Rd7 Ra3+ 40. Bb3
Rxb3+ 41. Kxb3 Kb1 42. Rd1# 1-0

[Event "Flint (MI Ch Spon/3)"]
[Site "?"]
[Date "1994.??.??"]
[Round "?"]
[White "Hickey, Gene"]
[Black "Libby, Dan"]
[Result "1-0"]
[WhiteElo "2085"]
[BlackElo "1700"]
[PlyCount "61"]
[EventDate "1994.??.??"]

1. d4 d6 2. Nc3 Nf6 3. e4 g6 4. Nf3 Bg7 5. Bg5 O-O 6. Qd2 Re8 7. Be2 b6 8.
O-O-O Bb7 9. d5 c6 10. h4 h5 11. Nh2 b5 12. dxc6 Bxc6 13. f3 Nbd7 14. g4 a5 15.
Nxb5 Bxb5 16. Bxb5 a4 17. gxh5 Nxh5 18. Ng4 Qb6 19. c4 Rec8 20. Kb1 Nhf6 21.
Be3 Qb7 22. Nxf6+ Nxf6 23. Bd4 e6 24. h5 Nxh5 25. Bxg7 Kxg7 26. Qxd6 Rab8 27.
Qe5+ Nf6 28. Rh7+ Kxh7 29. Qxf6 Rc5 30. e5 Rxc4 31. Rh1+ 1-0

[Event "Novi (MI Women/1/4)"]
[Site "?"]
[Date "1994.??.??"]
[Round "?"]
[White "Hickey, Ashley"]
[Black "Stinson, Darlene"]
[Result "0-1"]
[WhiteElo "1605"]
[BlackElo "1605"]
[PlyCount "26"]
[EventDate "1994.??.??"]

{1/(4)} 1. e4 e5 2. Nf3 Nf6 3. Bd3 Nc6 4. O-O Bc5 5. Bc4 Nxe4 6. Nxe5 Nxe5 7.
d3 Nxf2 8. Re1 Nxd1+ 9. Kh1 Nf2+ 10. Kg1 Nfxd3+ 11. Kf1 Qf6+ 12. Ke2 Qf2+ 13.
Kd1 Qxe1# 0-1

[Event "Novi (MI Women/2/7)"]
[Site "?"]
[Date "1994.??.??"]
[Round "?"]
[White "Hickey, Ashley"]
[Black "Lin, K."]
[Result "1-0"]
[WhiteElo "1605"]
[BlackElo "1605"]
[PlyCount "69"]
[EventDate "1994.??.??"]

{2/(7)} 1. e4 e5 2. Nf3 Nc6 3. Bb5 a6 4. Bxc6 bxc6 5. Nxe5 Bd6 6. Nf3 Be5 7.
O-O Nf6 8. Nxe5 d6 9. Nf3 O-O 10. Nc3 Ng4 11. d3 Nxh2 12. Kxh2 Bb7 13. Bg5 Qe8
14. Na4 d5 15. exd5 cxd5 16. Bf4 Bc6 17. Nc5 a5 18. Kg1 Qd8 19. Bg5 Qb8 20. Na6
Qc8 21. Nb4 axb4 22. Be7 Qe8 23. Bxf8 Qxf8 24. Re1 Kh8 25. a4 Rc8 26. Qd2 d4
27. c4 Qg8 28. Qxb4 Rb8 29. Re8 Rxe8 30. Ne5 Rxe5 31. a5 f6 32. a6 Ba8 33. c5
Qf8 34. Ra5 Re1+ 35. Kh2 {[Remainder illegible; 1-0, 61?]} 1-0

[Event "Novi (MI Women/1/8)"]
[Site "?"]
[Date "1994.??.??"]
[Round "?"]
[White "Hickey, Amber"]
[Black "Jackson, K."]
[Result "0-1"]
[WhiteElo "1605"]
[BlackElo "1605"]
[PlyCount "32"]
[EventDate "1994.??.??"]

{1/(8)} 1. e4 d5 2. f4 dxe4 3. d3 exd3 4. f5 dxc2 5. Be3 cxd1=Q+ 6. Kf2 Qxf1+
7. Kg3 Qxf5 8. Bf4 Qxf4+ 9. Kxf4 e6 10. g3 Qd4+ 11. Kf3 Qd5+ 12. Kg4 Qxh1 13.
Ne2 e5+ 14. Kh4 Qxh2+ 15. Kg5 Qxe2 16. g4 Qxg4# 0-1

[Event "Novi (MI Women/2/9)"]
[Site "?"]
[Date "1994.??.??"]
[Round "?"]
[White "Hickey, Amber"]
[Black "Barone, C."]
[Result "0-1"]
[WhiteElo "1605"]
[BlackElo "1605"]
[PlyCount "30"]
[EventDate "1994.??.??"]

{2/(9)} 1. e4 e6 2. Bd3 g6 3. Nf3 Ne7 4. g4 Bg7 5. Ba6 bxa6 6. d4 O-O 7. O-O f6
8. e5 fxe5 9. dxe5 d6 10. exd6 cxd6 11. g5 Rxf3 12. Qxf3 Bb7 13. Nc3 Bxf3 14.
Rd1 Bxd1 15. f4 Bd4+ {[Remainder illegible; 0-1, 22?]} 0-1

[Event "Eastpointe (EDO/3/12)"]
[Site "?"]
[Date "1994.??.??"]
[Round "?"]
[White "Herzog, M."]
[Black "Ward, Tim"]
[Result "0-1"]
[WhiteElo "1635"]
[BlackElo "1890"]
[PlyCount "48"]
[EventDate "1994.??.??"]

{3/(12)} 1. e4 e6 2. d4 d5 3. e5 c5 4. c3 Nc6 5. Nf3 Bd7 6. Be2 Rc8 7. Be3 Qb6
8. Nbd2 cxd4 9. Nxd4 Nxe5 10. N4b3 Qc7 11. O-O Nf6 12. f4 Nc6 13. Qe1 Bd6 14.
Bd3 Ng4 15. Rf3 Nxe3 16. Qxe3 Ne7 17. g3 O-O 18. Qxa7 Nc6 19. Qf2 e5 20. Bc2 e4
21. Re3 f5 22. Kg2 Rf6 23. Rg1 Rg6 24. Kf1 Nb4 $138 0-1

[Event "Eastpointe (EDO/5/15)"]
[Site "?"]
[Date "1994.??.??"]
[Round "?"]
[White "Herzog, M."]
[Black "Walker, LeRoy"]
[Result "0-1"]
[WhiteElo "1635"]
[BlackElo "1820"]
[PlyCount "52"]
[EventDate "1994.??.??"]

{5/(15)} 1. e4 c5 2. c3 e6 3. Nf3 Nc6 4. d4 cxd4 5. cxd4 d5 6. e5 Qb6 7. a3
Nge7 8. Bd3 Bd7 9. Bc2 Nf5 10. Bxf5 exf5 11. O-O Rc8 12. Nc3 Na5 13. b4 Rxc3
14. bxa5 Qc7 15. Bb2 Rc4 16. Rc1 Be7 17. Nd2 Rxc1 18. Qxc1 Qxa5 19. Nb3 Qb6 20.
Nd2 O-O 21. Qb1 f4 22. Rc1 f6 23. Rc3 fxe5 24. dxe5 Bc5 25. Nf3 Bxf2+ 26. Kf1
Bb5+ $138 0-1

[Event "Romulus (RVO/1/1)"]
[Site "?"]
[Date "1994.??.??"]
[Round "?"]
[White "Herzog, M."]
[Black "Tsemekhman, Vadim"]
[Result "0-1"]
[WhiteElo "1605"]
[BlackElo "2470"]
[PlyCount "64"]
[EventDate "1994.??.??"]

{1/(1)} 1. e4 e5 2. Nf3 Nf6 3. Nxe5 d6 4. Nf3 Nxe4 5. d4 d5 6. Bd3 Be7 7. c4
O-O 8. Qc2 Nc6 9. O-O Nb4 10. Qb3 Nxd3 11. Qxd3 Bf5 12. Qb3 dxc4 13. Qxc4 Nd6
14. Qe2 Bf6 15. Be3 Be6 16. Nbd2 Re8 17. Rfe1 Bd5 18. Qd1 Nf5 19. Nb3 Qd6 20.
Rc1 Rad8 21. Nbd2 c6 22. Nc4 Bxc4 23. Rxc4 Qd5 24. Rc5 Qxc5 25. dxc5 Rxd1 26.
Rxd1 Nxe3 27. fxe3 g5 28. g4 Rxe3 29. Kf2 Re4 30. h3 h6 31. Rd7 Bxb2 32. Rxb7
Ba3 0-1

[Event "Detroit (MOR/5/23)"]
[Site "?"]
[Date "1994.??.??"]
[Round "?"]
[White "Herzog, M."]
[Black "Stanulis, T."]
[Result "0-1"]
[WhiteElo "1605"]
[BlackElo "1695"]
[PlyCount "60"]
[EventDate "1994.??.??"]

{5/(23)} 1. e4 c5 2. c3 e6 3. d4 cxd4 4. cxd4 Nf6 5. Bd3 d6 6. Nc3 Bd7 7. Bf4
Qb6 8. Nge2 Nc6 9. Na4 Qd8 10. Bd2 Be7 11. O-O O-O 12. a3 Ne8 13. Nac3 Nc7 14.
d5 exd5 15. Nxd5 Nxd5 16. exd5 Ne5 17. Qb3 Nxd3 18. Qxd3 a6 19. Rfe1 Bf6 20.
Nc3 b5 21. b4 g6 22. h3 Rc8 23. Rac1 Rc4 24. Bh6 Re8 25. Be3 Bg7 26. Ne2 Bf5
27. Qb3 Qc7 28. Rxc4 Qxc4 29. Qxc4 bxc4 30. Nd4 Bxd4 0-1

[Event "Eastpointe (US Am N/2/14)"]
[Site "?"]
[Date "1994.??.??"]
[Round "?"]
[White "Herzog, M."]
[Black "Skidmore, Mike"]
[Result "0-1"]
[WhiteElo "1635"]
[BlackElo "1900"]
[PlyCount "92"]
[EventDate "1994.??.??"]

{2/(14)} 1. e4 c6 2. d4 d5 3. e5 e6 4. Nf3 c5 5. c3 Nc6 6. Be2 Nge7 7. dxc5 Ng6
8. Bb5 Bxc5 9. O-O O-O 10. Re1 Bxf2+ 11. Kxf2 Qb6+ 12. Nd4 Nxd4 13. cxd4 Qxb5
14. Nc3 Qb6 15. Kg1 Bd7 16. Qg4 Bc6 17. Kh1 h5 18. Qxh5 Qxd4 19. Be3 Qh4 20.
Qxh4 Nxh4 21. Bf2 Ng6 22. Bd4 Kh7 23. Re3 Rh8 24. Rf1 Kg8 25. Ref3 Rh4 26. Rd1
Ne7 27. g3 Rh5 28. g4 Rg5 29. Rg3 Ng6 30. Re1 Nxe5 31. Rxe5 Rxe5 32. Bxe5 d4+
33. Kg1 dxc3 34. Bxc3 Rd8 35. Re3 Rd1+ 36. Re1 Rd3 37. Kf2 Rf3+ 38. Kg1 Rf4 39.
h3 Rf3 40. Kh2 Rf2+ 41. Kg1 Rg2+ 42. Kf1 Rg3 43. Bd4 Rxh3 44. Bxa7 Rg3 45. Re5
Rxg4 46. Rh5 Ra4 0-1

[Event "Eastpointe (US Am N/6/22)"]
[Site "?"]
[Date "1994.??.??"]
[Round "?"]
[White "Herzog, M."]
[Black "Rosebrook, G."]
[Result "1/2-1/2"]
[WhiteElo "1635"]
[BlackElo "1605"]
[PlyCount "86"]
[EventDate "1994.??.??"]

{6/(22)} 1. e4 Nc6 2. Nf3 g6 3. d4 Bg7 4. Be3 Nf6 5. Nc3 a6 6. h3 O-O 7. e5 Ne8
8. Qd2 d6 9. O-O-O dxe5 10. dxe5 Qxd2+ 11. Rxd2 Bxe5 12. Nxe5 Nxe5 13. Nd5 Nc6
14. Bc5 Nd6 15. Nxc7 Rb8 16. Bxd6 exd6 17. Rxd6 Rd8 18. Rxd8+ Nxd8 19. Bc4 Bf5
20. Bb3 Be4 21. Re1 Bxg2 22. Ne8 Bxh3 23. Nd6 Kg7 24. Re8 Nc6 25. Rxb8 Nxb8 26.
Nxb7 h5 27. Bd5 h4 28. Nd6 Bd7 29. Nxf7 Bc6 30. Bxc6 Nxc6 31. Ng5 Kf6 32. Nh3
Kf5 33. f3 Nd4 34. Kd2 Nxf3+ 35. Ke3 g5 36. c4 g4 37. c5 Ne5 38. Nf2 g3 39. Nh3
Nc4+ 40. Kf3 Nxb2 41. c6 Nc4 42. c7 Nd6 43. Ng1 Nc8 1/2-1/2

[Event "Romulus (RVO/3/30)"]
[Site "?"]
[Date "1994.??.??"]
[Round "?"]
[White "Herzog, M."]
[Black "Martell, Raul"]
[Result "0-1"]
[WhiteElo "1605"]
[BlackElo "1605"]
[PlyCount "40"]
[EventDate "1994.??.??"]

{3/(30)} 1. e4 e5 2. Nf3 Nc6 3. d4 d6 4. Be2 Be7 5. c3 Nf6 6. Qc2 O-O 7. O-O h6
8. Rd1 Bd7 9. d5 Nb8 10. c4 c6 11. Nc3 Na6 12. a3 Qc7 13. b3 cxd5 14. Nxd5 Nxd5
15. exd5 f5 16. g3 f4 17. Bd3 Rf7 18. Re1 fxg3 19. hxg3 Raf8 20. Be4 Nc5 $138
0-1

[Event "Detroit (MOR/4/36)"]
[Site "?"]
[Date "1994.??.??"]
[Round "?"]
[White "Herzog, M."]
[Black "Gaiefsky, S."]
[Result "1-0"]
[WhiteElo "1605"]
[BlackElo "1605"]
[PlyCount "129"]
[EventDate "1994.??.??"]

{4/(36)} 1. e4 g6 2. d4 Bg7 3. c3 d6 4. Be3 Nf6 5. Nd2 O-O 6. h3 Nbd7 7. Bc4 e5
8. Ngf3 Nb6 9. Bb3 exd4 10. cxd4 Re8 11. Qc2 Qd7 12. O-O d5 13. e5 Ne4 14. Nxe4
dxe4 15. Qxe4 Qb5 16. Qf4 Nd5 17. Qh4 Ne7 18. Ng5 Nf5 19. Bxf7+ Kf8 20. Qxh7
Qc6 21. Qg8+ Ke7 22. Bxe8 Qxe8 23. Qxe8+ Kxe8 24. Rac1 c6 25. Ne4 Be6 26. g4
Nh4 27. Nc3 Kd7 28. Rfd1 Rf8 29. d5 cxd5 30. Nxd5 Bxd5 31. Rxd5+ Ke6 32. Rd6+
Kf7 33. e6+ Kg8 34. e7 Re8 35. Rd8 Kf7 36. Rxe8 Kxe8 37. Bxa7 Bxb2 38. Rb1 Bf6
39. Bc5 Bxe7 40. Rc1 Bf6 41. a4 Bd8 42. Rb1 Kd7 43. Rxb7+ Kc6 44. Rb5 Nf3+ 45.
Kf1 Nd2+ 46. Kg2 Nc4 47. Bf8 Bb6 48. Rg5 Bd8 49. Rxg6+ Kd7 50. Bg7 Ke8 51. Bc3
Kf7 52. Rc6 Nb6 53. Ba5 Nxa4 54. Bxd8 Nb2 55. Kf3 Nd3 56. Rf6+ Kg7 57. Rf5 Kg6
58. h4 Ne1+ 59. Kg3 Nd3 60. h5+ Kg7 61. g5 Kh7 62. Rf7+ Kg8 63. g6 Ne5 64. Rc7
Nd3 65. Bf6 1-0

[Event "Romulus (RVO/4/32)"]
[Site "?"]
[Date "1994.??.??"]
[Round "?"]
[White "Herzog, M."]
[Black "Fuson, R."]
[Result "1-0"]
[WhiteElo "1605"]
[BlackElo "1605"]
[PlyCount "127"]
[EventDate "1994.??.??"]

{4/(32)} 1. e4 e5 2. Nf3 Nc6 3. Bb5 a6 4. Bxc6 dxc6 5. O-O Nf6 6. Re1 Bc5 7. c3
O-O 8. Nxe5 Re8 9. d4 Bd6 10. Bf4 Bxe5 11. Bxe5 Ng4 12. h3 Nxe5 13. dxe5 Qxd1
14. Rxd1 Be6 15. Na3 Rad8 16. Nc2 Rxd1+ 17. Rxd1 Bxa2 18. Ne3 Be6 19. f4 f6 20.
f5 fxe5 21. fxe6 Rxe6 22. Rd7 Rd6 23. Rxc7 b5 24. Nf5 Rd2 25. Rxc6 a5 26. Rc5
Rxb2 27. Rxe5 a4 28. Re8+ Kf7 29. Ra8 b4 30. cxb4 Rxb4 31. Ra6 g6 32. Nd6+ Ke6
33. Nc4+ Kf7 34. Nb6 a3 35. Rxa3 Rxb6 36. Ra7+ Ke6 37. Rxh7 Ke5 38. Rh4 g5 39.
Rg4 Rb2 40. Rxg5+ Kxe4 41. h4 Kf4 42. Kf1 Ke3 43. Rg3+ Kf4 44. Rg5 Ke3 45. Re5+
Kf4 46. Re2 Rxe2 47. Kxe2 Kg4 48. Ke3 Kxh4 49. Kf4 Kh5 50. Kf5 Kh6 51. Kf6 Kh5
52. Kf5 Kh6 53. g4 Kg7 54. Kg5 Kg8 55. Kg6 Kh8 56. Kf7 Kh7 57. Kf6 Kh6 58. Kf5
Kg7 59. Kg5 Kg8 60. Kg6 Kh8 61. g5 Kg8 62. Kh6 Kh8 63. g6 Kg8 64. g7 1-0

[Event "Eastpointe (US Am N/4/30)"]
[Site "?"]
[Date "1994.??.??"]
[Round "?"]
[White "Herzog, M."]
[Black "Carpenter, O."]
[Result "1-0"]
[WhiteElo "1635"]
[BlackElo "1605"]
[PlyCount "72"]
[EventDate "1994.??.??"]

{4/(30)} 1. e4 g6 2. d4 d6 3. Be3 Nf6 4. Nd2 Bg7 5. Ngf3 Nbd7 6. Be2 e5 7. h3
O-O 8. Bd3 c6 9. Nc4 Qc7 10. Qd2 Re8 11. O-O b6 12. Bh6 b5 13. Na3 Nh5 14. Bxg7
Kxg7 15. c3 Nf4 16. d5 Nxd3 17. Qxd3 Nc5 18. Qe2 f5 19. dxc6 Qxc6 20. Qxb5 Qxb5
21. Nxb5 Nxe4 22. Rfd1 Rd8 23. Nxe5 Bb7 24. Nc7 dxe5 25. Rxd8 Rc8 26. Rxc8 Bxc8
27. Rd1 Nc5 28. Rd5 Nd7 29. Ne8+ Kf8 30. Nf6 Nb6 31. Rxe5 Kf7 32. Nd5 Nxd5 33.
Rxd5 Be6 34. Ra5 Kf6 35. Rxa7 Bc4 36. Rxh7 Kg5 $138 1-0

[Event "Detroit (MOR/2/46)"]
[Site "?"]
[Date "1994.??.??"]
[Round "?"]
[White "Herzog, M."]
[Black "Card, A."]
[Result "1/2-1/2"]
[WhiteElo "1605"]
[BlackElo "1605"]
[PlyCount "148"]
[EventDate "1994.??.??"]

{2/(46)} 1. e4 c5 2. c3 e6 3. d4 d6 4. Be3 Nc6 5. Nf3 Nf6 6. Qc2 Be7 7. Be2 O-O
8. O-O Bd7 9. h3 cxd4 10. Nxd4 e5 11. Nb3 Rc8 12. N1d2 h6 13. Rfd1 Be6 14. Nf1
Bxb3 15. axb3 a6 16. f3 Nh7 17. Qd2 Na5 18. Qd5 b5 19. b4 Nc4 20. Bxc4 Rxc4 21.
Rxa6 Qb8 22. Rb6 Qe8 23. Rxb5 Qc6 24. Ra1 Qxd5 25. Rxd5 Nf6 26. Rda5 Rd8 27.
Ra7 Bf8 28. Nd2 Rc6 29. b5 Rcc8 30. R1a6 d5 31. b6 d4 32. cxd4 exd4 33. Bf4 Nh5
34. Bc7 d3 35. Bxd8 Rc1+ 36. Kh2 Bd6+ 37. g3 Rc2 38. Bc7 Rxd2+ 39. Kg1 Bc5+ 40.
Kh1 Rd1+ 41. Kh2 Rd2+ 42. Kh1 Rxb2 43. Ra8+ Kh7 44. Ra1 Bxb6 45. Bxb6 Nxg3+ 46.
Kg1 Rxb6 47. Rd8 Ne2+ 48. Kf2 Rb2 49. Ke3 f5 50. exf5 Ng3 51. Rxd3 Nxf5+ 52.
Kf4 Rb5 53. Rad1 Kg6 54. Rd5 Rb4+ 55. Ke5 Ne3 56. Rg1+ Kh5 57. Rd4 Rb5+ 58. Ke4
Nc2 59. Rd5+ Rxd5 60. Kxd5 g5 61. Ke4 Kh4 62. Rh1 Kg3 63. h4 gxh4 64. Rg1+ Kf2
65. Rg6 Ne1 66. f4 Ng2 67. f5 h3 68. Rxh6 Kg3 69. Rxh3+ Kxh3 70. f6 Nh4 71. Kf4
Ng6+ 72. Kf5 Nf8 73. f7 Kh4 74. Kf6 Kh5 1/2-1/2

[Event "Eastpointe (EDO/1b/3)"]
[Site "?"]
[Date "1994.??.??"]
[Round "?"]
[White "Herzog, M."]
[Black "Calton, Bill"]
[Result "0-1"]
[WhiteElo "1635"]
[BlackElo "2170"]
[PlyCount "64"]
[EventDate "1994.??.??"]

1. e4 c6 2. d4 d5 3. e5 Bf5 4. Be2 e6 5. Nf3 Nd7 6. O-O c5 7. c3 Qb6 8. Nbd2
Ne7 9. dxc5 Qxc5 10. Nb3 Qc7 11. Nfd4 Nxe5 12. Nb5 Qd8 13. Bf4 N7g6 14. Be3 h5
15. N5d4 Bd6 16. Nxf5 exf5 17. f4 Ng4 18. Bxg4 fxg4 19. g3 Bc7 20. Bd4 O-O 21.
Qd3 Re8 22. Qf5 Re2 23. Qxh5 Rxb2 24. Qxg4 Bb6 25. f5 Ne5 26. Qd1 Qf6 27. Bxb6
axb6 28. Rf2 Rxf2 29. Kxf2 Qxf5+ 30. Kg2 Qe4+ 31. Kh3 Re8 32. Rc1 Re6 $138 0-1

[Event "Eastpointe (MI Action/5/14)"]
[Site "?"]
[Date "1994.??.??"]
[Round "?"]
[White "Herron, J."]
[Black "Smith, F."]
[Result "0-1"]
[WhiteElo "1790"]
[BlackElo "1605"]
[PlyCount "78"]
[EventDate "1994.??.??"]

{5/(14)} 1. Nf3 d5 2. g3 Nf6 3. Bg2 Nc6 4. O-O e5 5. d3 Be7 6. Nbd2 Be6 7. e4
d4 8. Nc4 Bd6 9. Bg5 O-O 10. Ne1 Bxc4 11. dxc4 Be7 12. Nd3 Rb8 13. Bd2 a6 14.
f4 exf4 15. gxf4 Nd7 16. Kh1 Nc5 17. Rg1 Nxd3 18. cxd3 Nb4 19. Qf3 Nc2 20. Rac1
Nb4 21. a3 Nc6 22. Qh5 Kh8 23. e5 Qd7 24. Be4 g6 25. Qh6 Rg8 26. Rcf1 Bf8 27.
Qh4 Ne7 28. Rf3 Nf5 29. Bxf5 Qxf5 30. Rg5 Qe6 31. Rh3 Rg7 32. Qg3 Be7 33. f5
Qc6+ 34. Kg1 Bxg5 35. Qxg5 gxf5 36. Qxg7+ Kxg7 37. Bh6+ Kh8 38. Kf2 Rg8 39. Rf3
Qxh6 0-1

[Event "Detroit (MOR/7/5)"]
[Site "?"]
[Date "1994.??.??"]
[Round "?"]
[White "Herron, J."]
[Black "Sattler, Peter"]
[Result "1-0"]
[WhiteElo "1745"]
[BlackElo "1785"]
[PlyCount "53"]
[EventDate "1994.??.??"]

{7/(5)} 1. Nf3 d5 2. g3 Nf6 3. Bg2 e6 4. O-O Nc6 5. d3 Bd6 6. Nc3 a6 7. e4 d4
8. Ne2 e5 9. Ne1 O-O 10. Bg5 h6 11. Bd2 Ne7 12. f4 c5 13. Nf3 Nc6 14. Kh1 b5
15. b3 Qc7 16. f5 Bb7 17. Rg1 Ng4 18. Qf1 Na5 19. Bh3 Nf6 20. g4 Nh7 21. g5
hxg5 22. f6 gxf6 23. Nxg5 fxg5 24. Bxg5 Nxg5 25. Rxg5+ Kh8 26. Bf5 f6 27. Qh3+
1-0

[Event "Detroit (MOR/3/6)"]
[Site "?"]
[Date "1994.??.??"]
[Round "?"]
[White "Herron, J."]
[Black "Raupp, Helene"]
[Result "1-0"]
[WhiteElo "1745"]
[BlackElo "1625"]
[PlyCount "43"]
[EventDate "1994.??.??"]

{3/(6)} 1. Nf3 e6 2. g3 d5 3. Bg2 Bc5 4. O-O Nc6 5. d3 Be7 6. Nbd2 Bf6 7. e4
Nge7 8. Re1 Ng6 9. exd5 Qxd5 10. Ne4 b6 11. Nxf6+ gxf6 12. Ne5 fxe5 13. Bxd5
exd5 14. Bg5 Be6 15. c3 Kd7 16. Qa4 h6 17. Bf6 Rhg8 18. Bxe5 Ngxe5 19. Rxe5 Kd6
20. Re3 Ne5 21. Qf4 Rg5 22. Rxe5 1-0

[Event "Detroit (MOR/4/3)"]
[Site "?"]
[Date "1994.??.??"]
[Round "?"]
[White "Herron, J."]
[Black "Kozakowski, J."]
[Result "1/2-1/2"]
[WhiteElo "1745"]
[BlackElo "1680"]
[PlyCount "117"]
[EventDate "1994.??.??"]

{4/(3)} 1. Nf3 c5 2. g3 b6 3. Bg2 Bb7 4. O-O Nf6 5. d3 e6 6. e4 d6 7. Nbd2 Be7
8. c3 O-O 9. Qe2 Nbd7 10. b3 Ng4 11. Bb2 Nge5 12. Ne1 Bf6 13. Rc1 Ng6 14. f4
Re8 15. d4 cxd4 16. cxd4 Rc8 17. Nef3 Rxc1 18. Rxc1 Qb8 19. Qb5 Rd8 20. h4 a6
21. Qe2 h6 22. Kh2 Rc8 23. Rxc8+ Qxc8 24. Nc4 Qc7 25. e5 dxe5 26. dxe5 Be7 27.
Qd2 Bd5 28. Ne3 Be4 29. Ne1 Bxg2 30. Qxg2 b5 31. Qa8+ Nb8 32. Qe4 Nc6 33. Nf3
Bf8 34. h5 Nge7 35. g4 Qd7 36. Kg3 Nd5 37. g5 Nxe3 38. Qxe3 Ne7 39. Qe2 Nf5+
40. Kg4 g6 41. hxg6 h5+ 42. Kh3 fxg6 43. Nh4 Qf7 44. Qe4 Nxh4 45. Kxh4 Qf5 46.
Qxf5 exf5 47. Bd4 Kf7 48. Kg3 Ke6 49. Kf3 Kd5 50. Bf2 Be7 51. Be3 Bb4 52. Bf2
Bd2 53. Be3 Bc3 54. Bf2 a5 55. Be3 a4 56. Bf2 Bb4 57. Be3 Be7 58. Bf2 axb3 59.
axb3 1/2-1/2

[Event "Eastpointe (MI Action/1/17)"]
[Site "?"]
[Date "1994.??.??"]
[Round "?"]
[White "Herron, J."]
[Black "Choate, Eric"]
[Result "1-0"]
[WhiteElo "1790"]
[BlackElo "1605"]
[PlyCount "65"]
[EventDate "1994.??.??"]

{1/(17)} 1. Nf3 d5 2. g3 e6 3. Bg2 Bc5 4. O-O Nf6 5. d3 O-O 6. Bg5 h6 7. Bf4
Ng4 8. Qd2 Qf6 9. d4 Bb6 10. h3 Qf5 11. hxg4 Qxg4 12. Ne5 Qh5 13. g4 Qh4 14.
Bg3 Qf6 15. f4 Nc6 16. g5 Qf5 17. Nxc6 bxc6 18. Kh2 hxg5 19. fxg5 Qg4 20. Rf4
Qxg5 21. Qd3 e5 22. dxe5 f6 23. Rh4 fxe5 24. Nd2 Qf6 25. Qh7+ Kf7 26. Rf1 Bf5
27. Rxf5 Ke7 28. Rxf6 Rxf6 29. Qxg7+ Rf7 30. Qxe5+ Kd7 31. Bh3+ Kd8 32. Rh8+
Rf8 33. Rxf8# 1-0